Health grammar and composition : fourth couse

Bibliographic Details
Main Authors: Bergman, Carol Ann (Author), Senn, J. A. (Author)
Format: Book
Language:English
Published: Lexington, Massachusets : D.C.Heath and Company 1986
Edition:Fouth Course
Subjects:

MARC

LEADER 00000cam a2200000 7i4500
001 0000003170
005 20240926.0
008 991202 mau eng
020 |a 0669065838 (pbk) 
040 |a INS   |b eng   |e rda 
090 0 0 |a PE1112   |b .B4991 1986 
100 1 |a Bergman, Carol Ann ,   |e author 
245 1 0 |a Health grammar and composition :   |b fourth couse   |c Carol Ann Bergman, J. A. Senn 
250 |a Fouth Course 
264 1 |a Lexington, Massachusets :   |b D.C.Heath and Company   |c 1986 
264 4 |c ©1986 
300 |a xviii, 621 pages ;   |c 24 cm. 
336 |a text  |2 rdacontent 
337 |a unmediated  |2 rdamedia 
338 |a volume  |2 rdacarrier 
500 |a Includes index 
650 0 |a English language   |x Composition and exercises 
650 0 |a English language   |x Grammer 
700 1 |a Senn, J. A. ,   |e author 
999 |a 0000005050   |b BOOK   |c Open Shelf   |e Default branch